00321nam a2200121Ia 4500008004100000041000800041082001500049100002500064245002300089260004400112300003200156365001100188240624s9999 xx 000 0 und d aeng a891.43 CHA aPILLAI RADHAKRISHNAN aCORPORATE CHANAKYA c2014aNew DelhibJaico Publishing House axxvi, : 317 : p. : cm. ; 21 cRSb25